Statistics for Level 3 Anatomy & Physiology

Click here to take the quiz!

General Stats

  • This quiz has been taken 195 times
  • The average score is 16 of 60

Answer Stats

Question% Correct
What is optimal systolic blood pressure?120
54%
Muscles of Lower LegGastrocnemius
54%
What joint action occurs at hip during downward phase of a squat?Flexion
52%
Muscles of Quadriceps GroupRectus Femoris
50%
Muscles of Lower LegSoleus
50%
Muscles of Hamstrings GroupBiceps Femoris
48%
Muscles of Quadriceps GroupVastus Lateralis
48%
Muscles of Quadriceps GroupVastus Medialis
47%
What is not a by-product of aerobic energy?Lactic acid
45%
Muscles of Adductor GroupAdductor Longus
44%
What is connective tissue running in one direction joining muscle to bone?Tendon
44%
What do myosin heads bind onto?Actin
42%
Muscles of Adductor GroupAdductor Magnus
38%
What is the valve between the left atrium & ventricle?Bicuspid
38%
Muscles of Rotator CuffSupraspinatus
38%
Muscles of Rotator CuffTeres minor
38%
Insertion of GracilisTibia
38%
Muscles of Adductor GroupAdductor Brevis
36%
Name of the membrane that encloses the heartPericardium
36%
Muscles of Rotator CuffInfraspinatus
35%
Muscles of Rotator CuffSubscapularis
35%
Muscles of Adductor GroupGracilis
34%
Muscles of Quadriceps GroupVastus Intermedius
34%
Middle layer of heartMyocardium
32%
Muscles of Hamstrings GroupSemimembranosus
32%
Innermost layer of heartEndocardium
29%
What does the endocrine system maintain?Homeostasis
29%
Abdominal MusclesRectus Abdominis
29%
Whic branch of circulatory system supplies blood to heart?Coronary
26%
Insertion of Soleus & GastrocnemiusCalcaneus
25%
Muscles of Hamstrings GroupSemitendinosis
24%
Insertion of Biceps FemorisFibula
23%
Outermost layer of heartEpicardium
22%
In which anatomical plane does lordosis occur?Sagittal
22%
Abdominal MusclesExternal oblique
21%
Insertion of Latissimus DorsiHumerus
21%
Abdominal MusclesInternal oblique
21%
Origin of DeltoidClavicle
20%
Joint Action of QuadricepsKnee extension
20%
Insertion of Biceps BrachiiRadius
20%
Joint Action of Biceps BrachiiElbow flexion
18%
Insertion of Gluteus MediusFemur
18%
Muscles of Hip FlexorPsoas Major
17%
Where is calcium released from within muscle tissue?Sarcoplasmic reticulum
17%
Muscles of Hip FlexorIliacus
15%
What is a neuron and muscle fibres known as?Motor unit
11%
Muscles of Adductor GroupPectineus
10%
What adducts the shoulders when it contract eccentrically?Deltoids
9%
What is converted into lactic acid in the absence of oxygen?Pyruvic acid
8%
Origin of Rectus AbdominisPubis
7%
Which hormone regulates metabolism?Thyroxine
7%
Muscles of the Pelvic FloorPubococcygeus
6%
What proprioceptor detects muscle tension?Golgi tendon organs
5%
Abdominal MusclesTransversus Abdominus
5%
Muscles of Lower LegAnterior Tibialis
4%
When the pec contracts concentrically, which action takes place at the shoulder?Horizontal flexion
4%
Muscles of the Pelvic FloorIliococcygeus
4%
Muscles of the Pelvic FloorCoccygeus
3%
What axis of movement does lordosis occur?Medial lateral
3%
Holding your breath during resistance training is known as...Valsalva manouvre
1%

Score Distribution

Percentile by Number Answered

Percent of People with Each Score

Your Score History

You have not taken this quiz